MARC details
| 000 -CABECERA |
| campo de control de longitud fija |
00997nam a2200229 a 4500 |
| 001 - NÚMERO DE CONTROL |
| campo de control |
000024977 |
| 005 - FECHA Y HORA DE LA ÚLTIMA TRANSACCIÓN |
| campo de control |
20200930023502.0 |
| 008 - DATOS DE LONGITUD FIJA--INFORMACIÓN GENERAL |
| campo de control de longitud fija |
110208s1987 ag r 000 0 spa d |
| 020 ## - NÚMERO INTERNACIONAL ESTÁNDAR DEL LIBRO |
| Número Internacional Estándar del Libro |
950007415X |
| 040 ## - FUENTE DE LA CATALOGACIÓN |
| Centro catalogador/agencia de origen |
DO-SdBNP |
| Lengua de catalogación |
spa |
| Centro/agencia transcriptor |
BNPHu |
| 082 ## - NÚMERO DE LA CLASIFICACIÓN DECIMAL DEWEY |
| Número de clasificación |
xxxxx |
| Número de documento/Ítem |
N558d |
| 049 ## - FONDOS LOCALES (OCLC) |
| Fondos de biblioteca |
BNGR |
| 100 1# - ENTRADA PRINCIPAL--NOMBRE DE PERSONA |
| Nombre de persona |
Newport, John P. |
| 9 (RLIN) |
51252 |
| 245 10 - MENCIÓN DE TÍTULO |
| Título |
Demonios, demonios, demonios : |
| Resto del título |
una guía cristiana para la baraúnda del ocultismo / |
| Mención de responsabilidad, etc. |
John P. Newport ; traducción Arnoldo Canclini. |
| 260 ## - PUBLICACIÓN, DISTRIBUCIÓN, ETC. |
| Lugar de publicación, distribución, etc. |
Buenos Aires, Argentina : |
| Nombre del editor, distribuidor, etc. |
Asociación Bautista Argentina de Publicaciones : |
| -- |
Casa Bautista de Publicaciones, |
| Fecha de publicación, distribución, etc. |
1987. |
| 300 ## - DESCRIPCIÓN FÍSICA |
| Extensión |
110 p. ; |
| Dimensiones |
21.5 cm. |
| 490 1# - MENCIÓN DE SERIE |
| Mención de serie |
Casa bautista de publicaciones ; |
| Designación de volumen o secuencia |
05765 |
| 504 ## - NOTA DE BIBLIOGRAFÍA, ETC. |
| Nota de bibliografía, etc. |
Incluye referencias bibliográficas y notas al pie de las páginas. |
| 534 ## - NOTA SOBRE LA VERSIÓN ORIGINAL |
| Encabezamiento principal del original |
Título original: |
| Mención de título del original |
Demons, demons, demons, |
| Publicación, distribución, etc. del original |
Nashville, Tenessee, Broadman Press, 1972. |
| Número Internacional Estándar del Libro |
0311057659 |
| 700 1# - PUNTO DE ACCESO ADICIONAL--NOMBRE DE PERSONA |
| Nombre de persona |
Canclini, Arnoldo, |
| Término indicativo de función/relación |
tr. |
| 9 (RLIN) |
23732 |
| 830 #0 - PUNTO DE ACCESO ADICIONAL DE SERIE-TÍTULO UNIFORME |
| Título uniforme |
Casa bautista de publicaciones ; |
| Número de parte o sección de la obra |
05765 |
| 9 (RLIN) |
51253 |